[Event "Titled Tuesday intern op 6th June"]
[Site "Chess.com INT"]
[Date "2017.06.06"]
[Round "9"]
[White "Pavlov, Aleksandr"]
[Black "Tregubov, Pavel V"]
[Result "0-1"]
[WhiteElo "2269"]
[BlackElo "2584"]
[PlyCount "96"]
[EventDate "2017.06.06"]
[EventType "swiss (blitz)"]
[EventRounds "10"]
[EventCountry "USA"]
[SourceTitle "EXT 2021"]
[Source "ChessBase"]
[SourceDate "2020.10.23"]
[SourceVersion "1"]
[SourceVersionDate "2020.10.23"]
[SourceQuality "1"]

1. Nf3 c5 2. g3 Nc6 3. Bg2 g6 4. 0-0 Bg7 5. c4 e6 6. Nc3 Nge7 7. d4 cxd4 8. Nb5 Nf5 9. g4 Nfe7 10. Nd6+ Kf8 11. e3 h5 12. h3 hxg4 13. hxg4 Qc7 14. Nb5 Qb6 15. exd4 a6 16. Be3 axb5 17. d5 Qc7 18. dxc6 dxc6 19. cxb5 e5 20. b6 Qd7 21. Qxd7 Bxd7 22. Bc5 Bxg4 23. Ng5 f6 24. f3 Bf5 25. Ne4 Bxe4 26. fxe4 Kf7 27. a4 Rhd8 28. a5 Bf8 29. b4 Nc8 30. Bh3 Nd6 31. Rfd1 Nxe4 32. Rxd8 Rxd8 33. Bxf8 Rxf8 34. a6 bxa6 35. Rxa6 Rb8 36. Bg2 f5 37. Bxe4 fxe4 38. Kf2 Ke6 39. Ke3 Kd5 40. Ra5+ Kd6 41. Ra6 Rf8 42. Kxe4 Rf4+ 43. Ke3 Rxb4 44. Ra8 Rxb6 45. Rg8 Rb3+ 46. Kd2 Rg3 47. Ke2 c5 48. Kf2 Rg4 0-1

[Event "St Petersburg Summer rapid"]
[Site "St Petersburg"]
[Date "2013.09.01"]
[Round "6"]
[White "Alekseev, Evgeny V"]
[Black "Pavlov, Aleksandr"]
[Result "1-0"]
[WhiteElo "2710"]
[BlackElo "2299"]
[PlyCount "71"]
[EventDate "2013.08.31"]
[EventType "swiss (rapid)"]
[EventRounds "11"]
[EventCountry "RUS"]
[SourceTitle "CBM 156 Extra"]
[Source "ChessBase"]
[SourceDate "2013.10.22"]
[SourceVersion "1"]
[SourceVersionDate "2013.10.22"]
[SourceQuality "1"]

1. e4 c5 2. Nf3 d6 3. d4 cxd4 4. Qxd4 a6 5. h3 Nc6 6. Qe3 g6 7. Be2 Bg7 8. 0-0 Nf6 9. c4 0-0 10. Nc3 Be6 11. Rd1 Nd7 12. b3 Nc5 13. Bb2 f5 14. exf5 Bxf5 15. Rd2 a5 16. Nd5 Bxb2 17. Rxb2 Be4 18. Rd1 Nb4 19. Nc3 Bf5 20. Qh6 Rf7 21. a3 Nc6 22. Ng5 Rg7 23. b4 axb4 24. axb4 Ne6 25. c5 Nxg5 26. Qxg5 Be6 27. Qg3 Ne5 28. cxd6 exd6 29. Ne4 Rd7 30. Rbd2 Nf7 31. Bb5 Rc7 32. Nxd6 Qf6 33. Ne8 Rxe8 34. Bxe8 Rc3 35. Bxf7+ Bxf7 36. Qb8+ 1-0

[Event "Kaluga Tsiolkovsky Memorial op"]
[Site "Kaluga"]
[Date "2013.08.06"]
[Round "4"]
[White "Pavlov, Aleksandr"]
[Black "Tolkachev, Grigory"]
[Result "1-0"]
[WhiteElo "2299"]
[BlackElo "1711"]
[PlyCount "59"]
[EventDate "2013.08.03"]
[EventType "swiss"]
[EventRounds "9"]
[EventCountry "RUS"]
[SourceTitle "CBM 156 Extra"]
[Source "ChessBase"]
[SourceDate "2013.10.22"]
[SourceVersion "1"]
[SourceVersionDate "2013.10.22"]
[SourceQuality "1"]

1. d4 Nf6 2. c4 c5 3. d5 b5 4. Nc3 b4 5. Na4 d6 6. g3 g6 7. b3 Bg7 8. Bb2 0-0 9. Bg2 Bb7 10. e4 Re8 11. Ne2 Nbd7 12. 0-0 Nb6 13. Nxb6 Qxb6 14. a3 a5 15. axb4 axb4 16. Qc2 e5 17. f4 Ng4 18. Qd2 Bh6 19. Qd3 Qd8 20. h3 Nf6 21. Rxa8 Bxa8 22. Ra1 exf4 23. gxf4 Qe7 24. e5 Nd7 25. Ra7 dxe5 26. fxe5 Qd8 27. Qf3 Re7 28. Qg3 Qb8 29. d6 Rxe5 30. Rxa8 1-0

[Event "Chigorin Memorial 20th"]
[Site "St Petersburg"]
[Date "2012.11.04"]
[Round "9"]
[White "Pavlov, Aleksandr"]
[Black "Nasybullina, Alfia"]
[Result "1-0"]
[WhiteElo "2300"]
[BlackElo "2076"]
[PlyCount "73"]
[EventDate "2012.10.27"]
[EventType "swiss"]
[EventRounds "9"]
[EventCountry "RUS"]
[SourceTitle "EXT 2013"]
[Source "ChessBase"]
[SourceDate "2012.11.22"]
[SourceVersion "1"]
[SourceVersionDate "2012.11.22"]
[SourceQuality "1"]

1. d4 Nf6 2. c4 e6 3. Nf3 d5 4. Nc3 Be7 5. Bf4 0-0 6. e3 b6 7. cxd5 Nxd5 8. Nxd5 Qxd5 9. Bd3 Bb4+ 10. Ke2 Bb7 11. Qc2 f5 12. Qxc7 Rc8 13. Qe5 Qd7 14. Rhc1 Nc6 15. Qb5 a6 16. Qxb6 Ba5 17. Qb3 Nb4 18. Bc4 Rxc4 19. Rxc4 Bd5 20. Ne5 Qe8 21. a3 Nc6 22. Nxc6 Bxc6 23. Rc5 Bb5+ 24. Rxb5 axb5 25. Rc1 Rc8 26. Rxc8 Qxc8 27. Qxb5 g5 28. Qxa5 Qc4+ 29. Kf3 gxf4 30. Kxf4 Qe2 31. Ke5 Qxf2 32. Qd8+ Kg7 33. Qf6+ Kg8 34. Qxe6+ Kg7 35. Qf6+ Kg8 36. Qg5+ Kh8 37. Kf6 1-0

[Event "Chigorin Memorial 20th"]
[Site "St Petersburg"]
[Date "2012.10.27"]
[Round "1"]
[White "Pavlov, Aleksandr"]
[Black "Rybakova, Polina"]
[Result "1-0"]
[WhiteElo "2300"]
[BlackElo "1787"]
[PlyCount "73"]
[EventDate "2012.10.27"]
[EventType "swiss"]
[EventRounds "9"]
[EventCountry "RUS"]
[SourceTitle "EXT 2013"]
[Source "ChessBase"]
[SourceDate "2012.11.22"]
[SourceVersion "1"]
[SourceVersionDate "2012.11.22"]
[SourceQuality "1"]

1. d4 Nf6 2. c4 g6 3. Nc3 Bg7 4. e4 d6 5. Nf3 0-0 6. Be2 Nbd7 7. 0-0 e5 8. Re1 Re8 9. Bf1 Nh5 10. Bg5 f6 11. Be3 Nf8 12. Qc2 c6 13. Rad1 Qc7 14. h3 f5 15. c5 exd4 16. cxd6 Qxd6 17. Nxd4 f4 18. Bc4+ Kh8 19. Nf5 Qc7 20. Nxg7 Nxg7 21. Bc5 Qe5 22. Bd6 Qg5 23. Qd3 Nfe6 24. Qf3 b5 25. Bb3 Bb7 26. e5 a5 27. a3 Nf5 28. Ne4 Qh4 29. Bxe6 Rxe6 30. Nc5 Nxd6 31. exd6 Rxe1+ 32. Rxe1 Rb8 33. Qc3+ Kg8 34. Re7 Qh6 35. Ne6 b4 36. Rg7+ Kh8 37. Rxb7+ 1-0

[Event "Zakharevich Memorial 40th"]
[Site "Staraya Russa"]
[Date "2012.08.05"]
[Round "7"]
[White "Katyshkina, Anastasia"]
[Black "Pavlov, Aleksandr"]
[Result "0-1"]
[WhiteElo "1923"]
[BlackElo "2291"]
[PlyCount "58"]
[EventDate "2012.08.01"]
[EventType "swiss"]
[EventRounds "9"]
[EventCountry "RUS"]
[SourceTitle "EXT 2013"]
[Source "ChessBase"]
[SourceDate "2012.11.22"]
[SourceVersion "1"]
[SourceVersionDate "2012.11.22"]
[SourceQuality "1"]

1. e4 c5 2. Nf3 d6 3. d4 Nf6 4. Nc3 cxd4 5. Nxd4 a6 6. h3 e5 7. Nde2 b5 8. g4 b4 9. Nd5 Nxd5 10. Qxd5 Ra7 11. Be3 Be6 12. Qd2 Rd7 13. Bg2 d5 14. exd5 Bxd5 15. Bxd5 Rxd5 16. Qc1 h5 17. g5 Nc6 18. h4 Qd7 19. Ng3 Be7 20. Kf1 0-0 21. Qe1 f5 22. gxf6 Rxf6 23. Nxh5 Rf7 24. Qe2 Nd4 25. Bxd4 Rxd4 26. Qxe5 Rd5 27. Qe2 Rd2 28. Qc4 Rdxf2+ 29. Kg1 Bc5 0-1

[Event "Zakharevich Memorial 40th"]
[Site "Staraya Russa"]
[Date "2012.08.05"]
[Round "6"]
[White "Pavlov, Aleksandr"]
[Black "Kozlov, Gennady"]
[Result "1/2-1/2"]
[WhiteElo "2291"]
[BlackElo "2320"]
[PlyCount "44"]
[EventDate "2012.08.01"]
[EventType "swiss"]
[EventRounds "9"]
[EventCountry "RUS"]
[SourceTitle "EXT 2013"]
[Source "ChessBase"]
[SourceDate "2012.11.22"]
[SourceVersion "1"]
[SourceVersionDate "2012.11.22"]
[SourceQuality "1"]

1. Nf3 Nf6 2. c4 e6 3. g3 b6 4. Bg2 Bb7 5. 0-0 Be7 6. Nc3 0-0 7. Qc2 d5 8. cxd5 exd5 9. d4 c5 10. Bf4 Nc6 11. Rad1 Qc8 12. Qb1 cxd4 13. Nxd4 Nxd4 14. Rxd4 Bc5 15. Nxd5 Nxd5 16. Rxd5 Bxd5 17. Bxd5 Rb8 18. Bxb8 Qxb8 19. Qf5 g6 20. Qf3 Qe5 21. b3 Kg7 22. Bc4 Qf6 1/2-1/2

[Event "Chigorin Memorial 18th"]
[Site "St Petersburg"]
[Date "2010.11.01"]
[Round "5"]
[White "Tunik, Gennady"]
[Black "Pavlov, Aleksandr"]
[Result "1/2-1/2"]
[WhiteElo "2457"]
[BlackElo "2269"]
[PlyCount "155"]
[EventDate "2010.10.28"]
[EventType "swiss"]
[EventRounds "9"]
[EventCountry "RUS"]
[SourceTitle "EXT 2011"]
[Source "ChessBase"]
[SourceDate "2010.11.26"]
[SourceVersion "1"]
[SourceVersionDate "2010.11.26"]
[SourceQuality "1"]

1. d4 Nf6 2. c4 e6 3. Nf3 b6 4. g3 Ba6 5. Qb3 Nc6 6. Nbd2 Na5 7. Qa4 c5 8. Bg2 Bb7 9. dxc5 bxc5 10. 0-0 Be7 11. Re1 0-0 12. e4 d6 13. e5 Ne8 14. exd6 Nxd6 15. Ne5 Bxg2 16. Kxg2 Rb8 17. Ndf3 Naxc4 18. Qxa7 Nb5 19. Qd7 Nxe5 20. Nxe5 Bf6 21. Qxd8 Rbxd8 22. Ng4 Bd4 23. a4 Nd6 24. Ra2 Nc4 25. a5 Ra8 26. a6 Rfb8 27. Ne3 Ne5 28. Rd1 Rb6 29. Nc2 Nc6 30. a7 e5 31. b4 Nxb4 32. Nxb4 Rxb4 33. Be3 Rb7 34. Bxd4 cxd4 35. Rda1 Kf8 36. Ra5 f6 37. Kf3 Ke7 38. Ke4 Rd7 39. Kd3 Rc7 40. f4 exf4 41. gxf4 Rd7 42. h4 g6 43. Ra6 Kf7 44. R6a5 Kg7 45. h5 gxh5 46. Rg1+ Kf8 47. Rga1 h4 48. Ke4 d3 49. Kf3 d2 50. Rd1 h3 51. Kg3 Rd3+ 52. Kh2 Kg7 53. Ra2 Kg6 54. Rdxd2 Rxd2+ 55. Rxd2 Rxa7 56. Kxh3 Kf5 57. Rd6 Ra3+ 58. Kg2 h6 59. Rb6 h5 60. Rc6 h4 61. Rb6 Rg3+ 62. Kh2 Rf3 63. Kg2 Rxf4 64. Rb8 Rd4 65. Kh3 Kg5 66. Rg8+ Kf4 67. Kxh4 Kf3+ 68. Kh3 f5 69. Ra8 Rd3 70. Kh2 f4 71. Rf8 Ke3 72. Kg2 Rd2+ 73. Kf1 Kf3 74. Kg1 Rg2+ 75. Kf1 Rc2 76. Kg1 Rc1+ 77. Kh2 Rd1 78. Rf5 1/2-1/2

[Event "Chigorin Memorial 18th"]
[Site "St Petersburg"]
[Date "2010.10.30"]
[Round "3"]
[White "Khismatullin, Denis Rimovich"]
[Black "Pavlov, Aleksandr"]
[Result "1-0"]
[WhiteElo "2654"]
[BlackElo "2269"]
[PlyCount "85"]
[EventDate "2010.10.28"]
[EventType "swiss"]
[EventRounds "9"]
[EventCountry "RUS"]
[SourceTitle "EXT 2011"]
[Source "ChessBase"]
[SourceDate "2010.11.26"]
[SourceVersion "1"]
[SourceVersionDate "2010.11.26"]
[SourceQuality "1"]

1. d4 Nf6 2. c4 e6 3. Nf3 b6 4. g3 Ba6 5. b3 Bb7 6. Bg2 Bb4+ 7. Bd2 a5 8. 0-0 0-0 9. Nc3 Re8 10. a3 Bf8 11. d5 exd5 12. cxd5 Na6 13. Qc2 Nc5 14. Nd4 g6 15. Rad1 Bg7 16. Bc1 Nh5 17. e4 Ba6 18. Rfe1 f5 19. b4 axb4 20. axb4 Nxe4 21. Nxe4 fxe4 22. Rxe4 Rxe4 23. Bxe4 Qe8 24. d6 c6 25. Nxc6 Kh8 26. Ne7 Rb8 27. Re1 Qf7 28. Qc7 Rf8 29. Be3 Nf6 30. Bf3 Ne8 31. Qxb6 Qxf3 32. Qxa6 Be5 33. Bc5 Bc3 34. Rf1 Ng7 35. Qc4 Ne6 36. Be3 Be5 37. b5 Bxd6 38. Qc3+ Qf6 39. Qxf6+ Rxf6 40. Nc8 Bb8 41. Rd1 Rf5 42. b6 Nf8 43. Bd4+ 1-0

[Event "Chigorin Memorial 18th"]
[Site "St Petersburg"]
[Date "2010.10.29"]
[Round "2"]
[White "Pavlov, Aleksandr"]
[Black "Ushenina, Anna"]
[Result "0-1"]
[WhiteElo "2269"]
[BlackElo "2466"]
[PlyCount "78"]
[EventDate "2010.10.28"]
[EventType "swiss"]
[EventRounds "9"]
[EventCountry "RUS"]
[SourceTitle "EXT 2011"]
[Source "ChessBase"]
[SourceDate "2010.11.26"]
[SourceVersion "1"]
[SourceVersionDate "2010.11.26"]
[SourceQuality "1"]

1. d4 Nf6 2. c4 g6 3. Nc3 d5 4. Bf4 Bg7 5. e3 c5 6. dxc5 Qa5 7. Rc1 Ne4 8. cxd5 Nxc3 9. Qd2 Qxa2 10. bxc3 Qa5 11. e4 Qxc5 12. Nf3 Nd7 13. c4 b6 14. Bd3 0-0 15. 0-0 e5 16. dxe6 fxe6 17. Bb1 Qh5 18. h3 Nc5 19. Ng5 h6 20. Nf3 Nb3 21. Qe3 Nxc1 22. Rxc1 e5 23. Bg3 Bxh3 24. c5 Bg4 25. Ba2+ Kh7 26. Nh2 bxc5 27. Rxc5 Rfd8 28. f3 Bd7 29. Bd5 Rab8 30. Rc1 a5 31. Be1 a4 32. Ba5 Rdc8 33. Bc7 Rb4 34. Bd6 Qg5 35. Qxg5 hxg5 36. Rd1 Rb6 37. Bf7 Be8 38. Bxe8 Rxe8 39. Bc5 Rb5 0-1

[Event "Chigorin Memorial 18th"]
[Site "St Petersburg"]
[Date "2010.10.28"]
[Round "1"]
[White "Matlakov, Maxim"]
[Black "Pavlov, Aleksandr"]
[Result "0-1"]
[WhiteElo "2613"]
[BlackElo "2269"]
[PlyCount "78"]
[EventDate "2010.10.28"]
[EventType "swiss"]
[EventRounds "9"]
[EventCountry "RUS"]
[SourceTitle "EXT 2011"]
[Source "ChessBase"]
[SourceDate "2010.11.26"]
[SourceVersion "1"]
[SourceVersionDate "2010.11.26"]
[SourceQuality "1"]

1. d4 Nf6 2. c4 e6 3. g3 Bb4+ 4. Nc3 c5 5. Nf3 0-0 6. Bg2 d5 7. cxd5 Nxd5 8. Qb3 Nc6 9. dxc5 Nxc3 10. bxc3 Bxc5 11. 0-0 Qe7 12. Ng5 e5 13. Ne4 Be6 14. Qb5 Bb6 15. a4 Qc7 16. Ba3 Rfd8 17. Ng5 Bf5 18. Bd5 Rd7 19. e4 Bg6 20. Nf3 Re8 21. Nh4 Bh5 22. Nf5 Red8 23. h3 Bf3 24. Qd3 Bxe4 25. Bxf7+ Rxf7 26. Qxe4 Qd7 27. Nd6 Rf6 28. a5 Nxa5 29. Rad1 Qe6 30. Rd5 Nc6 31. Kh2 h6 32. c4 Bd4 33. Nxb7 Qf7 34. f4 Qxb7 35. Rb1 Qc8 36. Rxd8+ Qxd8 37. Qd5+ Kh7 38. Qe4+ Kh8 39. fxe5 Bxe5 0-1

[Event "Velikiy Novgorod-ch 62nd"]
[Site "Velikiy Novgorod"]
[Date "2010.02.22"]
[Round "3"]
[White "Pavlov, Aleksandr"]
[Black "Artemiev, Oleg"]
[Result "1/2-1/2"]
[WhiteElo "2301"]
[BlackElo "2243"]
[PlyCount "31"]
[EventDate "2010.02.20"]
[EventType "swiss"]
[EventRounds "9"]
[EventCountry "RUS"]
[SourceTitle "CBM 135 Extra"]
[Source "ChessBase"]
[SourceDate "2010.05.04"]
[SourceVersion "1"]
[SourceVersionDate "2010.05.04"]
[SourceQuality "1"]

1. d4 Nf6 2. c4 g6 3. Nc3 Bg7 4. e4 d6 5. Nf3 0-0 6. Be2 e5 7. 0-0 Nc6 8. d5 Ne7 9. Ne1 Ne8 10. Nd3 f5 11. Bd2 Nf6 12. f3 f4 13. Rc1 g5 14. c5 a6 15. a4 Rf7 16. a5 1/2-1/2

[Event "Moscow op-B"]
[Site "Moscow"]
[Date "2009.11.20"]
[Round "1"]
[White "Pavlov, Aleksandr"]
[Black "Martov, Vadim"]
[Result "1-0"]
[WhiteElo "2274"]
[BlackElo "2002"]
[PlyCount "81"]
[EventDate "2009.01.31"]
[EventType "swiss"]
[EventRounds "9"]
[EventCountry "RUS"]
[SourceTitle "EXT 2012"]
[Source "ChessBase"]
[SourceDate "2011.11.24"]
[SourceVersion "1"]
[SourceVersionDate "2011.11.24"]
[SourceQuality "1"]

1. d4 d5 2. c4 c6 3. Nf3 Nf6 4. Nc3 a6 5. c5 Nbd7 6. Bf4 g6 7. e3 Bg7 8. h3 0-0 9. Bd3 Re8 10. g4 Nf8 11. 0-0 N6d7 12. e4 dxe4 13. Nxe4 Ne6 14. Be3 Nf6 15. Nc3 Nd5 16. Qd2 Nec7 17. Bh6 Bf6 18. Rae1 Be6 19. Ne4 Bh8 20. Neg5 Qc8 21. Kh2 Bxg4 22. hxg4 Qxg4 23. Re4 Qd7 24. Rh4 Bf6 25. Ne5 Bxe5+ 26. dxe5 Ne6 27. Nxh7 Rad8 28. Bxg6 fxg6 29. Qd3 Ndf4 30. Qg3 Qd3 31. Bxf4 Nxf4 32. Qxf4 Qxf1 33. e6 Rf8 34. Nxf8 Rxf8 35. Rh8+ Kxh8 36. Qxf8+ Kh7 37. Qxe7+ Kh6 38. Qh4+ Kg7 39. Qd4+ Kg8 40. Qf6 Qd3 41. Qf7+ 1-0

[Event "RUS-chT Regions"]
[Site "Tula"]
[Date "2009.11.??"]
[Round "3"]
[White "Pogosian, Georgy"]
[Black "Pavlov, Aleksandr"]
[Result "0-1"]
[WhiteElo "2241"]
[BlackElo "2301"]
[PlyCount "140"]
[EventDate "2009.11.??"]
[EventType "team-tourn"]
[EventRounds "9"]
[EventCountry "RUS"]
[SourceTitle "EXT 2011"]
[Source "ChessBase"]
[SourceDate "2010.11.26"]
[SourceVersion "1"]
[SourceVersionDate "2010.11.26"]
[SourceQuality "1"]

1. c4 Nf6 2. Nc3 c5 3. g3 d5 4. cxd5 Nxd5 5. Bg2 Nc7 6. Qb3 Nc6 7. Bxc6+ bxc6 8. Nf3 f6 9. Qa4 Bd7 10. d3 e5 11. Be3 Nd5 12. 0-0 Qb6 13. Qc4 Be6 14. Na4 Qb4 15. Nxc5 Bxc5 16. Qxc5 Qxc5 17. Bxc5 Rb8 18. Rab1 Rb5 19. Rfc1 Kd7 20. Nd2 Rhb8 21. Rc2 Nc7 22. b3 Na6 23. Rbc1 Ra5 24. Bxa7 Rb7 25. Bc5 Nxc5 26. Rxc5 Rxa2 27. R5c2 Bxb3 28. Rxa2 Bxa2 29. Ne4 Rb2 30. Kf1 f5 31. Nc3 Bb3 32. f4 Kd6 33. Kf2 h6 34. h4 Bf7 35. Nd1 Rb5 36. Ne3 Be6 37. Ra1 Rb7 38. Ra5 exf4 39. gxf4 Rf7 40. h5 Rf6 41. Nc2 Bd5 42. Ra7 Bf7 43. e3 Bxh5 44. Rxg7 Bf7 45. Nd4 c5 46. Nf3 Kd5 47. Ne5 Be8 48. Rg8 Bb5 49. Rd8+ Rd6 50. Rf8 Ke6 51. Rh8 Kd5 52. Ke2 Ra6 53. Rd8+ Ke6 54. Rb8 Ra2+ 55. Kf3 Ba4 56. Rb6+ Ke7 57. Rxh6 Bd1+ 58. Kg3 Re2 59. Rh1 Rxe3+ 60. Kh4 Be2 61. Kg5 Rxd3 62. Nxd3 Bxd3 63. Rh6 c4 64. Rh3 Kd6 65. Kf6 Kd5 66. Rh8 c3 67. Rc8 c2 68. Rd8+ Kc4 69. Rc8+ Kd4 70. Rd8+ Kc3 0-1

[Event "RUS-chT Regions"]
[Site "Tula"]
[Date "2009.11.??"]
[Round "5"]
[White "Pushin, Vladimir"]
[Black "Pavlov, Aleksandr"]
[Result "1-0"]
[WhiteElo "2338"]
[BlackElo "2301"]
[PlyCount "115"]
[EventDate "2009.11.??"]
[EventType "team-tourn"]
[EventRounds "9"]
[EventCountry "RUS"]
[SourceTitle "EXT 2011"]
[Source "ChessBase"]
[SourceDate "2010.11.26"]
[SourceVersion "1"]
[SourceVersionDate "2010.11.26"]
[SourceQuality "1"]

1. d4 Nf6 2. c4 c5 3. d5 e5 4. Nc3 d6 5. e4 Be7 6. Be2 0-0 7. Be3 a6 8. a4 Ne8 9. Qd2 Nd7 10. g4 g6 11. h4 Ndf6 12. f3 h5 13. g5 Nh7 14. a5 f6 15. gxf6 Bxf6 16. Bf2 b6 17. Qh6 bxa5 18. Qxg6+ Ng7 19. Bd1 Rb8 20. b3 Kh8 21. Qh6 Rb7 22. Ra2 Be7 23. Nce2 Bd7 24. Qd2 Rb4 25. Nc3 Rf4 26. Bg3 Rf7 27. Ra3 Rb7 28. Qa2 a4 29. Nxa4 Qa5+ 30. Qd2 Rb4 31. Nh3 Bxa4 32. Rxa4 Rxa4 33. bxa4 Qd8 34. Nf2 Nf8 35. Nd3 Nd7 36. Bf2 Kh7 37. Rh3 Nf8 38. f4 exf4 39. Nxf4 Nd7 40. e5 Nxe5 41. Bc2+ Kg8 42. Ne6 Nxe6 43. dxe6 Rg7 44. Qh6 Ng4 45. Qxh5 Qa5+ 46. Ke2 Nf6 47. Qf3 Qb4 48. Qd3 Nh5 49. Rf3 Qb7 50. Rf5 Nf6 51. Rg5 Bf8 52. Qf5 Qe7 53. Be1 Rxg5 54. hxg5 Ne8 55. Ba5 Qg7 56. Bc3 Qc7 57. Bf6 Qb7 58. Qg6+ 1-0

[Event "SZFO-ch"]
[Site "St Petersburg"]
[Date "2009.03.29"]
[Round "9"]
[White "Pavlov, Aleksandr"]
[Black "Vlassow, Valentin"]
[Result "0-1"]
[WhiteElo "2283"]
[BlackElo "2338"]
[PlyCount "45"]
[EventDate "2009.03.23"]
[EventType "swiss"]
[EventRounds "9"]
[EventCountry "RUS"]
[SourceTitle "EXT 2010"]
[Source "ChessBase"]
[SourceDate "2010.11.25"]
[SourceVersion "1"]
[SourceVersionDate "2010.11.25"]
[SourceQuality "1"]

1. c4 c5 2. Nf3 Nc6 3. g3 e5 4. Nc3 f5 5. d3 Nf6 6. Bg2 Be7 7. 0-0 0-0 8. Rb1 d6 9. a3 a5 10. Ne1 Qe8 11. f4 Qh5 12. Nf3 h6 13. Nd5 Bd8 14. b3 Be6 15. e3 Qf7 16. Nc3 Bc7 17. Bb2 Rad8 18. Qc2 Qh5 19. Rbd1 Rf7 20. Nb5 Bb8 21. Rfe1 e4 22. Nd2 exd3 23. Qxd3 0-1

[Event "Moscow op-B"]
[Site "Moscow"]
[Date "2009.02.08"]
[Round "9"]
[White "Gevorgyan, David"]
[Black "Pavlov, Aleksandr"]
[Result "1-0"]
[WhiteElo "2252"]
[BlackElo "2274"]
[PlyCount "83"]
[EventDate "2009.01.31"]
[EventType "swiss"]
[EventRounds "9"]
[EventCountry "RUS"]
[SourceTitle "EXT 2012"]
[Source "ChessBase"]
[SourceDate "2011.11.24"]
[SourceVersion "1"]
[SourceVersionDate "2011.11.24"]
[SourceQuality "1"]

1. e4 c5 2. d3 Nc6 3. g3 g6 4. Bg2 Bg7 5. f4 e6 6. c3 d6 7. Nf3 Nge7 8. 0-0 0-0 9. Be3 f5 10. Nbd2 b6 11. Re1 Ba6 12. Ng5 Qd7 13. Qb3 Bc8 14. exf5 gxf5 15. Bf2 Rf6 16. d4 Na5 17. Qd1 Rb8 18. Nf1 h6 19. Nf3 Qc7 20. Rc1 Bb7 21. Ne3 Nd5 22. b3 Rd8 23. Qd2 Rf7 24. Nxd5 Bxd5 25. Nh4 Bxg2 26. Nxg2 e5 27. d5 Nb7 28. Qe2 Qd7 29. Qa6 Ra8 30. b4 e4 31. a4 Qc7 32. Ne3 Rff8 33. Nc4 h5 34. h4 Kh7 35. a5 bxa5 36. bxa5 Rf7 37. Rc2 Bf6 38. Qc6 Bd8 39. Ra1 a6 40. Rb2 Rc8 41. Qxa6 Rg7 42. Rxb7 1-0

[Event "Moscow op-B"]
[Site "Moscow"]
[Date "2009.02.05"]
[Round "6"]
[White "Novikov, Valeri"]
[Black "Pavlov, Aleksandr"]
[Result "0-1"]
[WhiteElo "2169"]
[BlackElo "2274"]
[PlyCount "80"]
[EventDate "2009.01.31"]
[EventType "swiss"]
[EventRounds "9"]
[EventCountry "RUS"]
[SourceTitle "EXT 2012"]
[Source "ChessBase"]
[SourceDate "2011.11.24"]
[SourceVersion "1"]
[SourceVersionDate "2011.11.24"]
[SourceQuality "1"]

1. e4 c5 2. Nc3 Nc6 3. g3 g6 4. Bg2 Bg7 5. Nge2 e6 6. d3 Nge7 7. Bg5 h6 8. Be3 Nd4 9. 0-0 0-0 10. Qd2 Kh7 11. Rae1 d6 12. Nd1 f5 13. c3 Ndc6 14. f3 Qa5 15. Nc1 Bd7 16. Nf2 Rad8 17. h4 Bc8 18. Kh2 e5 19. Nh3 b5 20. a3 c4 21. Qe2 cxd3 22. Nxd3 Be6 23. Rg1 Qc7 24. Nb4 Bc4 25. Qc2 Be6 26. Nxc6 Nxc6 27. Qc1 Na5 28. Qb1 Nc4 29. Bc1 d5 30. Qc2 Na5 31. Qe2 a6 32. exd5 Bxd5 33. f4 Bc4 34. Qf2 e4 35. Be3 Rf6 36. Bf1 Bxf1 37. Rgxf1 Rfd6 38. Ng1 Nc4 39. Bc1 Rd3 40. Qe2 Rd2 0-1

[Event "Moscow op-B"]
[Site "Moscow"]
[Date "2009.02.04"]
[Round "5"]
[White "Pavlov, Aleksandr"]
[Black "Simonian, Tigran"]
[Result "1-0"]
[WhiteElo "2274"]
[BlackElo "2207"]
[PlyCount "67"]
[EventDate "2009.01.31"]
[EventType "swiss"]
[EventRounds "9"]
[EventCountry "RUS"]
[SourceTitle "EXT 2012"]
[Source "ChessBase"]
[SourceDate "2011.11.24"]
[SourceVersion "1"]
[SourceVersionDate "2011.11.24"]
[SourceQuality "1"]

1. d4 d5 2. c4 e6 3. Nf3 Nf6 4. Nc3 c6 5. Bg5 Nbd7 6. e3 Qa5 7. cxd5 Nxd5 8. Qb3 h6 9. Bh4 e5 10. Bc4 Bb4 11. 0-0 Bxc3 12. bxc3 0-0 13. e4 Nxc3 14. Be7 b5 15. Bb4 bxc4 16. Qxc3 exd4 17. Nxd4 Qe5 18. Bxf8 Nxf8 19. Qe3 c5 20. Nf3 Qh5 21. Rac1 Be6 22. Nd2 Rd8 23. Nxc4 Rd4 24. Nd2 Qg5 25. f4 Qd8 26. Nf3 Ra4 27. Rfd1 Qa8 28. Re1 f6 29. Rxc5 Rxa2 30. f5 Bf7 31. Rec1 Ra4 32. Rc8 Qxe4 33. Qc5 Be8 34. Re1 1-0

[Event "Northwest FR-ch"]
[Site "St Petersburg"]
[Date "2008.03.26"]
[Round "7"]
[White "Pavlov, Aleksandr"]
[Black "Ivanov, Alexander G"]
[Result "1-0"]
[WhiteElo "2291"]
[BlackElo "2117"]
[PlyCount "93"]
[EventDate "2008.03.21"]
[EventType "swiss"]
[EventRounds "9"]
[EventCountry "RUS"]
[SourceTitle "EXT 2022"]
[Source "ChessBase"]
[SourceDate "2021.10.06"]
[SourceVersion "1"]
[SourceVersionDate "2021.10.06"]
[SourceQuality "1"]

1. d4 Nf6 2. c4 e5 3. dxe5 Ng4 4. Bf4 Nc6 5. Nf3 Bb4+ 6. Nbd2 Qe7 7. e3 Ngxe5 8. Nxe5 Nxe5 9. Be2 g5 10. Bg3 h5 11. h4 g4 12. a3 Bxd2+ 13. Qxd2 d6 14. Rd1 Bd7 15. c5 Rh6 16. cxd6 Rxd6 17. Qc3 Rxd1+ 18. Bxd1 Ng6 19. Qxc7 Qe4 20. 0-0 Rc8 21. Qd6 Bb5 22. f3 Qc4 23. Re1 Rd8 24. Qb4 Qxb4 25. axb4 f5 26. fxg4 fxg4 27. Bb3 Rd2 28. Rc1 Ne7 29. Rc2 Rd1+ 30. Kh2 Rd3 31. Bc4 Bxc4 32. Rxc4 Rxe3 33. Rc5 Rb3 34. b5 Rxb2 35. Rxh5 Kf7 36. Rg5 a6 37. bxa6 bxa6 38. Rxg4 Nf5 39. Rf4 Kg6 40. Ra4 Ne3 41. Rxa6+ Kh7 42. Ra7+ Kg6 43. Rg7+ Kf6 44. Be1 Rc2 45. Rg5 Rc1 46. Bf2 Nf5 47. g4 1-0

[Event "Northwest FR-ch"]
[Site "St Petersburg"]
[Date "2008.03.21"]
[Round "1"]
[White "Pavlov, Aleksandr"]
[Black "Veltmander, Vitaliy"]
[Result "0-1"]
[WhiteElo "2291"]
[BlackElo "2073"]
[PlyCount "103"]
[EventDate "2008.03.21"]
[EventType "swiss"]
[EventRounds "9"]
[EventCountry "RUS"]
[SourceTitle "EXT 2022"]
[Source "ChessBase"]
[SourceDate "2021.10.06"]
[SourceVersion "1"]
[SourceVersionDate "2021.10.06"]
[SourceQuality "1"]

1. d4 d5 2. c4 e6 3. Nc3 c5 4. e3 Nf6 5. Nf3 Nc6 6. a3 a6 7. dxc5 Bxc5 8. b4 Ba7 9. Bb2 0-0 10. Qc2 d4 11. exd4 Nxd4 12. Nxd4 Qxd4 13. Rd1 Qe5+ 14. Be2 Qf4 15. 0-0 e5 16. Nd5 Nxd5 17. Rxd5 f6 18. Bd3 Qh4 19. Be4 f5 20. Bf3 e4 21. g3 Qe7 22. Re5 Qf7 23. Be2 Bb8 24. Rd5 Be6 25. Rd2 Bc7 26. Qc3 Qg6 27. f4 Rad8 28. Rfd1 Rxd2 29. Qxd2 h5 30. Qe3 h4 31. Kf2 Rd8 32. Qc5 Rxd1 33. Bxd1 Qf7 34. Be2 hxg3+ 35. hxg3 Qd7 36. Be5 Bxe5 37. Qxe5 Qc6 38. c5 Qd7 39. Ke3 Kf7 40. g4 fxg4 41. Qxe4 Bd5 42. Bxg4 Qxg4 43. Qxd5+ Kf6 44. Qd8+ Kf7 45. Qd5+ Kf8 46. Ke4 Qe2+ 47. Kf5 Qh5+ 48. Ke6 Qe8+ 49. Kf5 Qh5+ 50. Ke4 Qe2+ 51. Kd4 Qb2+ 52. Ke4 0-1